00310nam a2200121 a 45000010005000000030005000050050017000100080041000270400020000681000034000882450046001222600020001682441CDMR20130116135230.0130130s1972||||||||||||||||||||||||||||d aCDMRbcatcCDMR1 aHijar Orcajada, María Luisa14aLas entrevistascMª Luisa Hijar Orcajada aBarcelonac1972